Finish the TV Show Titles (1980s) Quiz Stats

 Plays Quiz Updated May 15, 2019

Score 0/30 Timer 05:00
11 Plays Today
Start of Title Last Word % Correct
Saved by the Bell
99.5%
21 JumpStreet
98.9%
Murder, SheWrote
97.2%
Married... withChildren
95.3%
MiamiVice
95.3%
Lifestyles of the Rich andFamous
92.8%
QuantumLeap
90.1%
UnsolvedMysteries
89.4%
Hill StreetBlues
88.2%
Cagney &Lacey
86.4%
He-Man and the Masters of the Universe
86%
Charles inCharge
85.9%
The Golden Girls
85.9%
Larry KingLive
85.5%
Tales from the Crypt
84.7%
Start of Title Last Word % Correct
BosomBuddies
82.5%
Joanie LovesChachi
82.1%
RemingtonSteele
79.3%
T.J.Hooker
77.7%
Greatest American Hero
76.6%
Pee-wee'sPlayhouse
76.1%
DesigningWomen
75.8%
Spenser: ForHire
73.8%
Harper ValleyP.T.A.
63.1%
Jake and theFatman
63%
The Kids in the Hall
60.2%
Simon &Simon
60%
Scarecrow and Mrs.King
56%
Mystery Science Theater 3000
53.5%
Hardcastle andMcCormick
46.9%

You're not logged in!

Compare scores with friends on all Sporcle quizzes.
OR
Log In

You Might Also Like...

Show Comments

Extras

Top Quizzes Today


Score Distribution

Your Account Isn't Verified!

In order to create a playlist on Sporcle, you need to verify the email address you used during registration. Go to your Sporcle Settings to finish the process.

Report this User

Report this user for behavior that violates our Community Guidelines.

Details: